Tonight Show Hosts Quiz Stats

 Plays Quiz Updated Sep 28, 2018

Score 0/9 Timer 02:00
0 Plays Today
Year(s) Host % Correct
1992-2009, 2010-2014Jay Leno
98.5%
1962-1992Johnny Carson
91.1%
2014 - Jimmy Fallon
74%
2009-2010Conan O'Brien
51.2%
1957-1962Jack Paar
43.6%
1954-1957Steve Allen
35.1%
1956-1957*Ernie Kovacs
3.5%
1957**Al 'Jazzbo' Collins
2.7%
1957**Jack Lescoulie
2.6%

You're not logged in!

Compare scores with friends on all Sporcle quizzes.
OR
Log In

Sporcle TV

Today on Sporcle TV


Watch our educational content, quiz creation guides, and fun videos on Sporcle TV.

Show Comments

Extras

Top Quizzes Today


Score Distribution

Your Account Isn't Verified!

In order to create a playlist on Sporcle, you need to verify the email address you used during registration. Go to your Sporcle Settings to finish the process.

Report this User

Report this user for behavior that violates our Community Guidelines.

Details: